Apuntes 1950-1969 /

Max Horkheimer (1895-1973), filósofo alemán, perteneciente a la Escuela de Frankfurt, dirigió el Instituto de Investigaciones Sociales de Frankfurt desde donde desarrolló su teoría crítica de la sociedad, con el que analizó los procesos históricos sociales y los fenómenos alienantes surgidos en dich...

Повний опис

Збережено в:
Бібліографічні деталі
Автор: Horkheimer, Max (autor)
Інші автори: Mames, León (traducción) (traducción)
Формат: Книга
Мова:Іспанська
Опубліковано: Caracas, Venezuela : Monte Avila, 1976, c1976
Серія:(Estudios)
Предмети:
Теги: Додати тег
Немає тегів, Будьте першим, хто поставить тег для цього запису!

MARC

LEADER 00000nam^a2200000^a^4500
001 000184344
005 20250521000000.0
009 20260310102112.482
037 |a Acervo ITESO - Biblioteca 
041 |a ESP 
082 |a 300. 1  |b HOR 
100 |a Horkheimer, Max  |e (autor) 
245 1 0 |a Apuntes 1950-1969 /  |c M. Horkheimer ; tr. por L. Mames. 
264 4 |a Caracas, Venezuela :  |b Monte Avila,  |c 1976, c1976 
300 |a 259 p. 
336 |a texto  |b txt  |2 rdacontenido 
337 |a sin mediación  |b n  |2 rdamedio 
338 |a volumen  |b nc  |2 rdasoporte 
440 1 |a (Estudios) 
500 |a Traducción de: Notizen 1950 bis 1969 
520 |a Max Horkheimer (1895-1973), filósofo alemán, perteneciente a la Escuela de Frankfurt, dirigió el Instituto de Investigaciones Sociales de Frankfurt desde donde desarrolló su teoría crítica de la sociedad, con el que analizó los procesos históricos sociales y los fenómenos alienantes surgidos en dichos procesos. La presente obra reúne diversos escritos que manifiestan su pensamiento crítico. 
649 |a XX 
650 |a Teoría Crítica 
650 |a Escuela de Frankfurt 
650 |a Sociología -  |x Teoría 
700 |a Mames, León  |e (traducción) 
910 |a Fondo Armando Suárez Gómez 
920 |a Impresos - Libros 
930 |a Fondos Especiales 
905 |a 111 
901 |a 0700007300  |b IT2  |c ESP  |u 20250521 
902 |a https://opac.biblio.iteso.mx/vufind/Record/000184344